=LDR 00000nam 2200000 4500 =001 INLIS000000000004940 =005 20130612093213 =008 ***********************************Ind** =035 ##$$0010-061300000004940 =041 ##$$a Ind =082 ##$$a 92(NICTZSCHE) =090 ##$$a 92(NICTZSCHE), Hol e =100 ##$$a HOLINGDALE =245 ##$$a Ecce Homo : Lihatlah dia Freedrich Nictzsche / oleh Holingdale; Penyunting, Kamdani. -- =260 ##$$a 1998 $b Yogyakarta : Pustaka Pelajar =700 ##$$a KAMDANI =850 ##$$a NBPNMAT =990 ##$$a 0001/BPAP-NTB/2016